[Event "Pere Noel U1800"]
[Site "Montreal CAN"]
[Date "2012.12.27"]
[Round "2.23"]
[White "Yip, William"]
[Black "Struben, Jeroen"]
[Result "1/2-1/2"]
[WhiteElo "1584"]
[BlackElo "1495"]
[PlyCount "72"]
[GameId "2160767909411156"]
[EventDate "2012.12.26"]
[EventType "swiss"]
[EventRounds "5"]
[EventCountry "CAN"]
[SourceTitle "EXT 2022"]
[Source "ChessBase"]
[SourceDate "2021.10.06"]
[SourceVersion "1"]
[SourceVersionDate "2021.10.06"]
[SourceQuality "1"]

1. d4 Nf6 2. c4 c5 3. e3 e6 4. Nc3 d5 5. Nf3 Nc6 6. Be2 b6 7. O-O a6 8. b3 Bd6 9. Bb2 O-O 10. a3 Bb7 11. Qc2 Qc7 12. Rad1 Rac8 13. dxc5 bxc5 14. cxd5 exd5 15. Na4 Ne4 16. Nc3 Ne7 17. h3 Rfe8 18. Nxe4 dxe4 19. Nd2 Nc6 20. Nxe4 Nd4 21. Nf6+ gxf6 22. exd4 cxd4 23. Qxc7 Rxc7 24. Bc4 Be4 25. Bxd4 Kh8 26. Be3 Rg8 27. Bd5 Bxd5 28. Rxd5 Rc3 29. Ra5 Ra8 30. b4 Rb3 31. Rd1 Kg7 32. Bc5 Bc7 33. Ra4 Be5 34. Be3 Rd8 35. Rc1 Rd6 36. Kf1 Bb2 1/2-1/2

[Event "Pere Noel U1800"]
[Site "Montreal CAN"]
[Date "2012.12.27"]
[Round "2.24"]
[White "Bergeron, Jean-Guy"]
[Black "Jacques, Simon"]
[Result "1-0"]
[WhiteElo "1557"]
[BlackElo "1446"]
[PlyCount "75"]
[GameId "2160767909411157"]
[EventDate "2012.12.26"]
[EventType "swiss"]
[EventRounds "5"]
[EventCountry "CAN"]
[SourceTitle "EXT 2022"]
[Source "ChessBase"]
[SourceDate "2021.10.06"]
[SourceVersion "1"]
[SourceVersionDate "2021.10.06"]
[SourceQuality "1"]

1. c4 e5 2. g3 Nc6 3. Bg2 Bc5 4. Nc3 f5 5. e3 e4 6. d4 Bb4 7. Nge2 Nf6 8. a3 Bxc3+ 9. Nxc3 d5 10. c5 Ne7 11. O-O g5 12. f3 h5 13. fxe4 dxe4 14. Qa4+ c6 15. Qb3 h4 16. Nxe4 Nxe4 17. Bxe4 fxe4 18. Qf7+ Kd7 19. Rf6 Kc7 20. Bd2 a5 21. Raf1 Bd7 22. Qg7 Rg8 23. Qh7 hxg3 24. hxg3 Rh8 25. Qxe4 Nd5 26. Qe5+ Kc8 27. Rf7 Re8 28. Qd6 Bh3 29. R1f2 Qxd6 30. cxd6 Rd8 31. e4 Nb6 32. Rc7+ Kb8 33. Rff7 Bc8 34. e5 Rg8 35. e6 Nd5 36. e7 Nxc7 37. dxc7+ Kxc7 38. e8=Q+ 1-0

[Event "Pere Noel U1800"]
[Site "Montreal CAN"]
[Date "2012.12.27"]
[Round "2.25"]
[White "Ptitsyn, Ihor"]
[Black "Selmani, Sam"]
[Result "1-0"]
[WhiteElo "1519"]
[BlackElo "1446"]
[PlyCount "115"]
[GameId "2160767909411158"]
[EventDate "2012.12.26"]
[EventType "swiss"]
[EventRounds "5"]
[EventCountry "CAN"]
[SourceTitle "EXT 2022"]
[Source "ChessBase"]
[SourceDate "2021.10.06"]
[SourceVersion "1"]
[SourceVersionDate "2021.10.06"]
[SourceQuality "1"]

1. e4 c5 2. Nf3 d6 3. d4 cxd4 4. Nxd4 Nf6 5. Nc3 a6 6. Be2 e5 7. Nb3 Be6 8. Bg5 Nbd7 9. Qd2 Be7 10. f3 O-O 11. O-O Rc8 12. Rad1 Qc7 13. Bd3 h6 14. Be3 d5 15. exd5 Bxd5 16. Rf2 Be6 17. Ne4 b5 18. Nxf6+ Nxf6 19. c3 Bxb3 20. axb3 Nd5 21. Bxh6 Bc5 22. Bxg7 Bxf2+ 23. Kxf2 Qb6+ 24. Kg3 f5 25. Qg5 f4+ 26. Kh4 Rf7 27. Bh6+ Kh8 28. Qxe5+ Qf6+ 29. Qxf6+ Rxf6 30. Bg5 Rff8 31. Be4 Nf6 32. Rd6 Nxe4 33. Rh6+ Kg7 34. fxe4 Rh8 35. Rxh8 Rxh8+ 36. Kg4 Rxh2 37. Kf3 Rh1 38. Bxf4 Rb1 39. Be5+ Kf7 40. c4 bxc4 41. bxc4 a5 42. Ke3 Ke6 43. Bc3 a4 44. Kd4 Rc1 45. c5 Rc2 46. Kc4 Rxg2 47. Kb4 Rg4 48. Kxa4 Rxe4+ 49. Kb5 Kd5 50. Ba5 Re8 51. b4 Rb8+ 52. Bb6 Rc8 53. Ka6 Kc6 54. b5+ Kd5 55. Kb7 Rg8 56. c6 Kc4 57. Ka6 Ra8+ 58. Ba7 1-0

[Event "Pere Noel U1800"]
[Site "Montreal CAN"]
[Date "2012.12.27"]
[Round "2.26"]
[White "Ouellet, Maili-Jade"]
[Black "Steinberg, Ellis"]
[Result "0-1"]
[WhiteElo "1399"]
[BlackElo "1519"]
[PlyCount "76"]
[GameId "2160767909411159"]
[EventDate "2012.12.26"]
[EventType "swiss"]
[EventRounds "5"]
[EventCountry "CAN"]
[SourceTitle "EXT 2022"]
[Source "ChessBase"]
[SourceDate "2021.10.06"]
[SourceVersion "1"]
[SourceVersionDate "2021.10.06"]
[SourceQuality "1"]

1. d4 Nf6 2. c4 g6 3. Nc3 Bg7 4. e4 d6 5. f4 O-O 6. Nf3 c5 7. d5 e6 8. Be2 exd5 9. cxd5 Bg4 10. O-O Nbd7 11. Be3 a6 12. a4 Qa5 13. Bf2 Qb4 14. Qc2 Rfe8 15. a5 b5 16. Rfd1 Nxe4 17. Be1 Nxc3 18. bxc3 Qxf4 19. Kh1 Qe3 20. h3 Bxh3 21. Bxb5 axb5 22. Bf2 Qh6 23. Kg1 Bf5 24. Qb3 b4 25. Be1 Ne5 26. Nxe5 Bxe5 27. g3 Qh3 28. Ra2 Bxg3 29. Bxg3 Qxg3+ 30. Rg2 Re1+ 31. Rxe1 Qxe1+ 32. Kh2 Re8 33. cxb4 Re3 34. Qxe3 Qxe3 35. b5 Qf4+ 36. Kg1 Qb4 37. b6 Qxa5 38. Rb2 Qa1+ 0-1

[Event "Pere Noel U1800"]
[Site "Montreal CAN"]
[Date "2012.12.27"]
[Round "2.27"]
[White "Kay, Sang Kill"]
[Black "Achkar, Olivier"]
[Result "1-0"]
[WhiteElo "1515"]
[BlackElo "1178"]
[PlyCount "33"]
[GameId "2160767909411160"]
[EventDate "2012.12.26"]
[EventType "swiss"]
[EventRounds "5"]
[EventCountry "CAN"]
[SourceTitle "EXT 2022"]
[Source "ChessBase"]
[SourceDate "2021.10.06"]
[SourceVersion "1"]
[SourceVersionDate "2021.10.06"]
[SourceQuality "1"]

1. e4 d6 2. Nf3 Nf6 3. Nc3 g6 4. d4 Bg7 5. Bd3 Nc6 6. Bb5 Bd7 7. e5 Ng8 8. a3 a6 9. Bc4 Bg4 10. Bxf7+ Kf8 11. h3 Kxf7 12. Ng5+ Ke8 13. Qxg4 Nh6 14. Qf3 Rf8 15. Qd5 Nf7 16. Ne6 Qc8 17. Nxg7+ 1-0

[Event "Pere Noel U1800"]
[Site "Montreal CAN"]
[Date "2012.12.28"]
[Round "3.17"]
[White "Heredia, Jose"]
[Black "Saha, Ananda"]
[Result "0-1"]
[WhiteElo "1782"]
[BlackElo "1617"]
[PlyCount "92"]
[GameId "2160767909411161"]
[EventDate "2012.12.26"]
[EventType "swiss"]
[EventRounds "5"]
[EventCountry "CAN"]
[SourceTitle "EXT 2022"]
[Source "ChessBase"]
[SourceDate "2021.10.06"]
[SourceVersion "1"]
[SourceVersionDate "2021.10.06"]
[SourceQuality "1"]

1. c4 e5 2. Nc3 Nf6 3. Nf3 Nc6 4. g3 Bc5 5. Bg2 d6 6. O-O O-O 7. d3 Bg4 8. h3 Bd7 9. a3 a5 10. Bg5 h6 11. Bd2 Qc8 12. Kh2 Re8 13. Ne1 Nd4 14. Be3 a4 15. Bxd4 Bxd4 16. e3 Bxc3 17. bxc3 e4 18. d4 Ra5 19. f4 Rh5 20. h4 g6 21. Kg1 Qd8 22. Qd2 Ng4 23. Rb1 g5 24. hxg5 hxg5 25. f5 Nh2 26. Rf2 Ng4 27. Rf1 Nh2 28. Rf2 Ng4 29. Rf1 b6 30. Qe2 Nf6 31. Nc2 c5 32. Rb2 Kg7 33. Rfb1 Bxf5 34. Rxb6 Reh8 35. Rb8 Qxb8 36. Rxb8 Rxb8 37. Ne1 Rb3 38. dxc5 dxc5 39. Qd2 Rxa3 40. Qd6 Rxc3 41. Qe5 Rxe3 42. Qxf5 Rxe1+ 43. Kf2 g4 44. Qf4 Rb1 45. Bxe4 Nxe4+ 46. Qxe4 Rh2+ 0-1

[Event "Pere Noel U1800"]
[Site "Montreal CAN"]
[Date "2012.12.28"]
[Round "3.18"]
[White "Cloutier, Jean-Pierre"]
[Black "Laferriere, Samuel"]
[Result "0-1"]
[WhiteElo "1568"]
[BlackElo "1619"]
[PlyCount "74"]
[GameId "2160767909411162"]
[EventDate "2012.12.26"]
[EventType "swiss"]
[EventRounds "5"]
[EventCountry "CAN"]
[SourceTitle "EXT 2022"]
[Source "ChessBase"]
[SourceDate "2021.10.06"]
[SourceVersion "1"]
[SourceVersionDate "2021.10.06"]
[SourceQuality "1"]

1. e4 g6 2. d4 Bg7 3. c3 d6 4. Bd3 Nf6 5. Ne2 O-O 6. f3 c5 7. Na3 Nc6 8. Be3 cxd4 9. Nxd4 d5 10. Nxc6 bxc6 11. e5 Ne8 12. f4 f6 13. Bd4 Qc7 14. Qe2 c5 15. Nb5 Qc6 16. exf6 exf6 17. Bf2 c4 18. Nd4 cxd3 19. Qxd3 Qd6 20. O-O Ba6 21. Nb5 Qc6 22. a4 Nd6 23. c4 dxc4 24. Qh3 Nxb5 25. axb5 Bxb5 26. f5 g5 27. Bd4 a6 28. Rfe1 Rfe8 29. Re6 Rxe6 30. fxe6 Re8 31. Re1 Qd5 32. Bc3 Bc6 33. Qg4 h6 34. h3 f5 35. Qe2 Bxc3 36. bxc3 Kg7 37. Kh1 Rxe6 0-1

[Event "Pere Noel U1800"]
[Site "Montreal CAN"]
[Date "2012.12.28"]
[Round "3.19"]
[White "Dumoulin, Sylvain"]
[Black "Milosz, Jerzy"]
[Result "1/2-1/2"]
[WhiteElo "1733"]
[BlackElo "1539"]
[PlyCount "73"]
[GameId "2160767909411163"]
[EventDate "2012.12.26"]
[EventType "swiss"]
[EventRounds "5"]
[EventCountry "CAN"]
[SourceTitle "EXT 2022"]
[Source "ChessBase"]
[SourceDate "2021.10.06"]
[SourceVersion "1"]
[SourceVersionDate "2021.10.06"]
[SourceQuality "1"]

1. Nc3 c6 2. e4 d5 3. g3 d4 4. Nce2 e5 5. d3 Bb4+ 6. Bd2 Bxd2+ 7. Qxd2 Nf6 8. Nf3 Qe7 9. Bg2 O-O 10. O-O Bg4 11. Nh4 Na6 12. Nf5 Bxf5 13. exf5 Qd7 14. Bh3 Rfe8 15. f3 Nc7 16. g4 Nfd5 17. Ng3 Nf4 18. Bg2 Ncd5 19. Rae1 Ne3 20. Rf2 Nexg2 21. Rxg2 Nxg2 22. Kxg2 f6 23. Ne4 b6 24. h4 Rf8 25. h5 h6 26. b3 Rad8 27. a4 c5 28. Qc1 Qc6 29. Qa3 a5 30. Re2 Rd7 31. Kf2 Rc7 32. Nd2 b5 33. axb5 Qxb5 34. Nc4 Ra7 35. Nb2 Qb4 36. Qa2 Rfa8 37. Na4 1/2-1/2

[Event "Pere Noel U1800"]
[Site "Montreal CAN"]
[Date "2012.12.28"]
[Round "3.20"]
[White "Ollivier, Laurent"]
[Black "Saine, Zachary"]
[Result "1/2-1/2"]
[WhiteElo "1464"]
[BlackElo "1477"]
[PlyCount "63"]
[GameId "2160767909411164"]
[EventDate "2012.12.26"]
[EventType "swiss"]
[EventRounds "5"]
[EventCountry "CAN"]
[SourceTitle "EXT 2022"]
[Source "ChessBase"]
[SourceDate "2021.10.06"]
[SourceVersion "1"]
[SourceVersionDate "2021.10.06"]
[SourceQuality "1"]

1. e4 e5 2. Nf3 Nc6 3. d4 exd4 4. Nxd4 Bc5 5. Be3 Qf6 6. c3 Nge7 7. Bc4 Ne5 8. Be2 d6 9. f4 N5g6 10. O-O d5 11. Nd2 O-O 12. e5 Qb6 13. N2b3 Nf5 14. Nxf5 Bxe3+ 15. Nxe3 Qxe3+ 16. Kh1 Nxf4 17. Bf3 c6 18. Re1 Qd3 19. Qc1 Ng6 20. Nd4 Be6 21. Re3 Qa6 22. Bh5 c5 23. Bxg6 cxd4 24. Bd3 Qb6 25. Rg3 Bd7 26. Qg5 g6 27. Rf1 Rae8 28. Rf6 Re6 29. Bxg6 hxg6 30. Qxg6+ fxg6 31. Rgxg6+ Kh7 32. Rh6+ 1/2-1/2

[Event "Pere Noel U1800"]
[Site "Montreal CAN"]
[Date "2012.12.28"]
[Round "3.21"]
[White "Steinberg, Ellis"]
[Black "Medawar, Jean-Marc"]
[Result "0-1"]
[WhiteElo "1519"]
[BlackElo "1697"]
[PlyCount "76"]
[GameId "2160767909411165"]
[EventDate "2012.12.26"]
[EventType "swiss"]
[EventRounds "5"]
[EventCountry "CAN"]
[SourceTitle "EXT 2022"]
[Source "ChessBase"]
[SourceDate "2021.10.06"]
[SourceVersion "1"]
[SourceVersionDate "2021.10.06"]
[SourceQuality "1"]

1. e4 e5 2. Nf3 Nf6 3. d3 d6 4. g3 Nc6 5. Bg2 Be7 6. O-O O-O 7. Nc3 Bg4 8. Be3 Qd7 9. Qd2 Bh3 10. Nh4 Bxg2 11. Kxg2 d5 12. Bg5 d4 13. Ne2 g6 14. f4 Bb4 15. c3 dxc3 16. bxc3 Nxe4 17. Qb2 Nxg5 18. cxb4 Qd5+ 19. Nf3 Nxf3 20. Rxf3 f5 21. b5 e4 22. dxe4 fxe4 23. Re3 Na5 24. Nc3 Qc5 25. Rxe4 Rad8 26. Rae1 Rd3 27. Na4 Qd5 28. Kg1 Rd2 29. Qc3 Qxa2 30. R1e2 Rxe2 31. Rxe2 Qxe2 32. Qxa5 Rd8 33. Nc3 Qe3+ 34. Kg2 Rd2+ 35. Kh3 Qe6+ 36. g4 Qe3+ 37. Kh4 Rxh2+ 38. Kg5 Qe7# 0-1

[Event "Pere Noel U1800"]
[Site "Montreal CAN"]
[Date "2012.12.28"]
[Round "3.22"]
[White "Plante, Marc-Eric"]
[Black "Ptitsyn, Ihor"]
[Result "1-0"]
[WhiteElo "1690"]
[BlackElo "1519"]
[PlyCount "138"]
[GameId "2160767909411166"]
[EventDate "2012.12.26"]
[EventType "swiss"]
[EventRounds "5"]
[EventCountry "CAN"]
[SourceTitle "EXT 2022"]
[Source "ChessBase"]
[SourceDate "2021.10.06"]
[SourceVersion "1"]
[SourceVersionDate "2021.10.06"]
[SourceQuality "1"]

1. e4 e6 2. d4 d5 3. Nc3 Bb4 4. e5 c5 5. a3 Bxc3+ 6. bxc3 Nc6 7. Qg4 Kf8 8. a4 Nge7 9. Ba3 Qa5 10. Ne2 cxd4 11. h4 Nxe5 12. Qf4 Nc4 13. Bb4 Qd8 14. cxd4 a5 15. Ba3 Kg8 16. Ng3 Ng6 17. Qc1 Nxa3 18. Rxa3 Nxh4 19. Nh5 Nf5 20. Rhh3 g6 21. Raf3 gxh5 22. Rxf5 Kf8 23. Qh6+ Ke8 24. Re3 Qe7 25. Rxd5 Bd7 26. Bb5 Bc6 27. Qxh5 Bxb5 28. Rxb5 Kd8 29. Rd5+ Ke8 30. Rxe6 Qxe6+ 31. Re5 Kd7 32. Rxe6 Kxe6 33. Qe5+ Kd7 34. Qd5+ Kc8 35. Qxf7 b6 36. d5 Rb8 37. d6 Rb7 38. Qe6+ Rd7 39. Qd5 Re8+ 40. Kd2 Kb8 41. Qc6 Red8 42. Qxb6+ Kc8 43. Qc6+ Kb8 44. Qb5+ Kc8 45. Qf5 Kb8 46. Kc1 Rxd6 47. Qxh7 R8d7 48. Qh5 Rd5 49. Qe2 Ka7 50. g4 Rd4 51. g5 Rxa4 52. Qb5 Rdd4 53. Qc5+ Ka6 54. g6 Rg4 55. Qd6+ Ka7 56. Qc7+ Ka6 57. g7 Rg1+ 58. Kd2 Rag4 59. c4 Rxg7 60. Qc6+ Ka7 61. Qc5+ Kb8 62. Qxa5 Rd7+ 63. Kc2 Rdd1 64. Qb6+ Ka8 65. Qc6+ Kb8 66. Qb5+ Ka8 67. Qe8+ Kb7 68. Qf7+ Kb8 69. Qf4+ Kb7 1-0

[Event "Pere Noel U1800"]
[Site "Montreal CAN"]
[Date "2012.12.28"]
[Round "3.23"]
[White "Germain, Benoit"]
[Black "Kay, Sang Kill"]
[Result "1-0"]
[WhiteElo "1684"]
[BlackElo "1515"]
[PlyCount "89"]
[GameId "2160767909411167"]
[EventDate "2012.12.26"]
[EventType "swiss"]
[EventRounds "5"]
[EventCountry "CAN"]
[SourceTitle "EXT 2022"]
[Source "ChessBase"]
[SourceDate "2021.10.06"]
[SourceVersion "1"]
[SourceVersionDate "2021.10.06"]
[SourceQuality "1"]

1. g4 c5 2. Bg2 d5 3. c4 Bxg4 4. Qb3 Qb6 5. Bxd5 Nc6 6. Qg3 Nf6 7. Bg2 g6 8. d3 Qb4+ 9. Kf1 Bg7 10. Nc3 Rd8 11. Nd5 Nxd5 12. cxd5 Bxb2 13. Rb1 Qa4 14. Bxb2 Qxa2 15. Re1 Qxb2 16. dxc6 Bc8 17. cxb7 Bxb7 18. Qc7 Bxg2+ 19. Kxg2 Qb6 20. Qxb6 axb6 21. Nf3 f6 22. Rb1 Rb8 23. Rb5 Kd7 24. Rhb1 Kc6 25. Nd2 Rb7 26. Nc4 Rhb8 27. Kf3 e5 28. R1b2 h5 29. h4 Kc7 30. Ke4 Kc6 31. e3 Kc7 32. Kd5 Rd8+ 33. Ke6 Re8+ 34. Kxf6 Rf8+ 35. Kg5 e4 36. dxe4 Ra7 37. Rxb6 Re8 38. Rxg6 Ra1 39. Rg7+ Re7 40. Rxe7+ Kd8 41. Rf7 Ra8 42. Rf8+ Ke7 43. Rxa8 Ke6 44. Rb6+ Kd7 45. Ra7+ 1-0

[Event "Pere Noel U1800"]
[Site "Montreal CAN"]
[Date "2012.12.28"]
[Round "3.25"]
[White "Utepova, Alika"]
[Black "Samikov, Chingis"]
[Result "0-1"]
[WhiteElo "1409"]
[BlackElo "1545"]
[PlyCount "128"]
[GameId "2160767909411170"]
[EventDate "2012.12.26"]
[EventType "swiss"]
[EventRounds "5"]
[EventCountry "CAN"]
[SourceTitle "EXT 2022"]
[Source "ChessBase"]
[SourceDate "2021.10.06"]
[SourceVersion "1"]
[SourceVersionDate "2021.10.06"]
[SourceQuality "1"]

1. e4 c5 2. Nf3 d6 3. d4 cxd4 4. Nxd4 Nf6 5. Nc3 g6 6. Bc4 Bg7 7. Be3 O-O 8. Qd2 Nc6 9. f3 Bd7 10. O-O-O Rb8 11. Bh6 Bxh6 12. Qxh6 Na5 13. Be2 b5 14. h4 b4 15. Nd5 e6 16. Ne3 e5 17. Ndf5 gxf5 18. Rxd6 Qe7 19. Rxf6 Kh8 20. Nxf5 Bxf5 21. Rxf5 Rg8 22. Rg5 Rbc8 23. Rxg8+ Kxg8 24. Qg5+ Qxg5+ 25. hxg5 b3 26. axb3 Nxb3+ 27. Kd1 Nd4 28. Bd3 Ne6 29. Rh6 Nxg5 30. Ra6 Rc7 31. b3 Kg7 32. c4 Ne6 33. b4 Rd7 34. Kc2 h5 35. c5 Rc7 36. Kc3 h4 37. Kc4 Kf8 38. Kd5 Rd7+ 39. Rd6 Nf4+ 40. Kc6 Re7 41. Bf1 Ke8 42. Rh6 Ng6 43. Bc4 Kd8 44. Bxf7 Rc7+ 45. Kb5 Nf4 46. Be6 Nxg2 47. Bh3 Ne1 48. Rxh4 Nxf3 49. Rh8+ Ke7 50. Rh7+ Kd8 51. Rxc7 Kxc7 52. Be6 Nd4+ 53. Ka6 Nxe6 54. Kxa7 Kc6 55. Ka6 Nd4 56. Ka5 Nb3+ 57. Ka4 Nxc5+ 58. Ka5 Nb7+ 59. Ka6 Nd6 60. Ka5 Nxe4 61. b5+ Kb7 62. b6 Nd6 63. Kb4 Kxb6 64. Kc3 Kc5 0-1

[Event "Pere Noel U1800"]
[Site "Montreal CAN"]
[Date "2012.12.28"]
[Round "3.26"]
[White "Gendron, Roger"]
[Black "Rodrigue-Lemieux, Shawn"]
[Result "1-0"]
[WhiteElo "1541"]
[BlackElo "1261"]
[PlyCount "171"]
[GameId "2160767909411171"]
[EventDate "2012.12.26"]
[EventType "swiss"]
[EventRounds "5"]
[EventCountry "CAN"]
[SourceTitle "EXT 2022"]
[Source "ChessBase"]
[SourceDate "2021.10.06"]
[SourceVersion "1"]
[SourceVersionDate "2021.10.06"]
[SourceQuality "1"]

1. c4 e5 2. Nc3 Nc6 3. g3 Nf6 4. Bg2 Bc5 5. e3 O-O 6. Nf3 d6 7. O-O Be6 8. b3 Bg4 9. Qc2 Nb4 10. Qb1 Qd7 11. a3 Nc6 12. Nd5 Nxd5 13. cxd5 Ne7 14. Ng5 Ng6 15. h3 Be2 16. Re1 Ba6 17. Qc2 h6 18. Nf3 f5 19. b4 Bb6 20. a4 e4 21. Nh2 Bd3 22. Qb3 a6 23. Bb2 Qf7 24. a5 Ba7 25. Bf1 Bxf1 26. Nxf1 c6 27. d3 cxd5 28. Red1 Ne7 29. d4 Qh5 30. Kh2 g5 31. Nd2 g4 32. h4 Qf7 33. Rac1 Bb8 34. b5 Ng6 35. bxa6 bxa6 36. Rf1 Ra7 37. Ba3 Bc7 38. Nb1 Bxa5 39. Bxd6 Rd8 40. Bc5 Raa8 41. Qa2 Bc7 42. Nc3 Nxh4 43. Rh1 Nf3+ 44. Kg2 Qe6 45. Rh5 Kg7 46. Rch1 Rh8 47. Qxd5 Qxd5 48. Nxd5 Ba5 49. Ne7 Ng5 50. Nxf5+ Kg6 51. Rxh6+ Rxh6 52. Nxh6 Ne6 53. Nxg4 Nxc5 54. dxc5 Bb4 55. c6 a5 56. f4 Kf5 57. Ne5 a4 58. g4+ Ke6 59. Rb1 a3 60. Ra1 a2 61. c7 Bc3 62. c8=Q+ Rxc8 63. Rxa2 Bxe5 64. fxe5 Kxe5 65. Kg3 Rf8 66. Rf2 Rxf2 67. Kxf2 Kf6 68. Kg3 Kg5 69. Kh3 Kh6 70. Kh4 Kg6 71. g5 Kg7 72. Kg4 Kf7 73. Kf5 Kg7 74. Kxe4 Kg6 75. Kf4 Kf7 76. Kf5 Kg7 77. e4 Kf7 78. e5 Ke7 79. g6 Kf8 80. Kf6 Kg8 81. e6 Kf8 82. e7+ Ke8 83. g7 Kd7 84. g8=Q Kd6 85. Qd8+ Kc6 86. e8=Q+ 1-0

[Event "Pere Noel U1800"]
[Site "Montreal CAN"]
[Date "2012.12.28"]
[Round "3.27"]
[White "Couture, Gerard"]
[Black "Baran, Marius"]
[Result "0-1"]
[WhiteElo "1627"]
[BlackElo "1661"]
[PlyCount "140"]
[GameId "2160767909411172"]
[EventDate "2012.12.26"]
[EventType "swiss"]
[EventRounds "5"]
[EventCountry "CAN"]
[SourceTitle "EXT 2022"]
[Source "ChessBase"]
[SourceDate "2021.10.06"]
[SourceVersion "1"]
[SourceVersionDate "2021.10.06"]
[SourceQuality "1"]

1. e4 c5 2. Nf3 d6 3. Bb5+ Bd7 4. Bxd7+ Qxd7 5. O-O Nc6 6. d4 cxd4 7. Nxd4 Nf6 8. Nc3 g6 9. Bg5 Bg7 10. Re1 O-O 11. Qd2 Rfd8 12. Rad1 Ne5 13. Qe2 Rac8 14. Bxf6 Bxf6 15. Nd5 Bg7 16. b3 Nc6 17. Nxc6 bxc6 18. Ne3 Bc3 19. Rf1 Qb7 20. Qd3 Bg7 21. c4 a5 22. Qc2 d5 23. exd5 cxd5 24. Nxd5 Rxd5 25. Rxd5 Qxd5 26. Rd1 Qb7 27. Rd5 Qb4 28. g3 Bf6 29. Qc1 Qc3 30. Qa3 Qe1+ 31. Kg2 Qe4+ 32. Kg1 Bc3 33. Qa4 Qe6 34. Qb5 Qc6 35. a4 Qxb5 36. axb5 e6 37. Rd7 Bb4 38. b6 Rb8 39. b7 Kg7 40. Rc7 Bd6 41. Rd7 Bc5 42. Rc7 Bb6 43. Rd7 h6 44. h4 Kf6 45. Kg2 Bc5 46. f4 g5 47. hxg5+ hxg5 48. fxg5+ Kg6 49. Kf3 Ba7 50. Rc7 Rd8 51. Ke4 Rd4+ 52. Ke5 Rd3 53. Rc6 Bb8+ 54. Ke4 Rxb3 55. Ra6 Rxb7 56. Rxa5 Bxg3 57. c5 Rb4+ 58. Kf3 Be1 59. Ra1 Bd2 60. c6 Rc4 61. Ra6 Kxg5 62. Ke2 Bf4 63. Kd3 Rc1 64. Ra7 f6 65. Ra6 Kf5 66. Ra5+ e5 67. Ra6 e4+ 68. Ke2 Ke5 69. Ra5+ Kd6 70. Rf5 Bg5 0-1

[Event "Pere Noel U1800"]
[Site "Montreal CAN"]
[Date "2012.12.28"]
[Round "3.28"]
[White "Bedard, Michel"]
[Black "Yip, William"]
[Result "1/2-1/2"]
[WhiteElo "1640"]
[BlackElo "1584"]
[PlyCount "160"]
[GameId "2160767909411173"]
[EventDate "2012.12.26"]
[EventType "swiss"]
[EventRounds "5"]
[EventCountry "CAN"]
[SourceTitle "EXT 2022"]
[Source "ChessBase"]
[SourceDate "2021.10.06"]
[SourceVersion "1"]
[SourceVersionDate "2021.10.06"]
[SourceQuality "1"]

1. c4 e5 2. Nc3 f5 3. d3 Nf6 4. g3 d6 5. Bg2 c6 6. e3 Be6 7. Nge2 Nbd7 8. b3 Be7 9. Bb2 O-O 10. O-O Re8 11. d4 e4 12. d5 cxd5 13. cxd5 Bf7 14. Nd4 g6 15. Nce2 Bf8 16. h4 Bg7 17. Nf4 h6 18. Nb5 Nb6 19. Rc1 Nfxd5 20. Bxg7 Kxg7 21. Qd4+ Kh7 22. Nxd5 Nxd5 23. Rc2 a6 24. Nc3 Nxc3 25. Rxc3 d5 26. Rfc1 Re7 27. Bh3 Be6 28. Qe5 Qh8 29. Qd6 Qd8 30. Qf4 Rc8 31. h5 Rxc3 32. Rxc3 Rf7 33. Qe5 Qf6 34. hxg6+ Kxg6 35. Qxf6+ Kxf6 36. Kf1 Ke5 37. Rc5 Rd7 38. Ke1 Kf6 39. Rc8 d4 40. exd4 Rxd4 41. Rf8+ Kg6 42. Re8 Rd6 43. Re7 b5 44. Bf1 Bf7 45. Be2 Re6 46. Bh5+ Kxh5 47. Rxf7 Kg5 48. Ke2 Rf6 49. Rg7+ Rg6 50. Rc7 Kg4 51. Ke3 h5 52. Rh7 f4+ 53. gxf4 h4 54. Kxe4 h3 55. f5 Rf6 56. Rg7+ Kh5 57. Ke5 Rh6 58. Rg1 h2 59. Rh1 Kg4 60. f6 Kh3 61. f7 Rh8 62. Ke6 Kg2 63. Rxh2+ Kxh2 64. f4 Kg3 65. f5 Kg4 66. f6 Kg5 67. Ke7 Kg6 68. f8=Q Rxf8 69. Kxf8 Kxf6 70. Ke8 Ke6 71. Kd8 Kd6 72. b4 a5 73. bxa5 Kc6 74. Ke7 b4 75. a6 Kb6 76. a7 Kxa7 77. Kd6 Ka6 78. Kc5 Ka5 79. Kc4 Ka4 80. Kc5 Ka3 1/2-1/2

[Event "Pere Noel U1800"]
[Site "Montreal CAN"]
[Date "2012.12.28"]
[Round "3.30"]
[White "Achkar, Olivier"]
[Black "Jacques, Simon"]
[Result "1-0"]
[WhiteElo "1178"]
[BlackElo "1446"]
[PlyCount "33"]
[GameId "2160767909411176"]
[EventDate "2012.12.26"]
[EventType "swiss"]
[EventRounds "5"]
[EventCountry "CAN"]
[SourceTitle "EXT 2022"]
[Source "ChessBase"]
[SourceDate "2021.10.06"]
[SourceVersion "1"]
[SourceVersionDate "2021.10.06"]
[SourceQuality "1"]

1. d4 d5 2. c4 e5 3. e3 e4 4. cxd5 Qxd5 5. Nc3 Bb4 6. Qa4+ Nc6 7. a3 Bxc3+ 8. bxc3 Bd7 9. Bc4 Qg5 10. Ne2 Nxd4 11. Bxf7+ Ke7 12. Qxd4 Nf6 13. Bb3 Bg4 14. Qb4+ Kd7 15. Ng3 Rad8 16. h3 Bf5 17. Qb5+ 1-0

[Event "Pere Noel U1800"]
[Site "Montreal CAN"]
[Date "2012.12.28"]
[Round "3.31"]
[White "Selmani, Sam"]
[Black "Ouellet, Maili-Jade"]
[Result "0-1"]
[WhiteElo "1446"]
[BlackElo "1399"]
[PlyCount "66"]
[GameId "2160767909411177"]
[EventDate "2012.12.26"]
[EventType "swiss"]
[EventRounds "5"]
[EventCountry "CAN"]
[SourceTitle "EXT 2022"]
[Source "ChessBase"]
[SourceDate "2021.10.06"]
[SourceVersion "1"]
[SourceVersionDate "2021.10.06"]
[SourceQuality "1"]

1. d4 d5 2. c4 e6 3. Nc3 Nf6 4. Nf3 c6 5. e3 Bb4 6. a3 Ba5 7. Qc2 Ne4 8. b4 Nxc3 9. Qxc3 Bc7 10. Bd3 O-O 11. Bb2 h6 12. O-O Nd7 13. Rae1 f5 14. Bb1 g5 15. h3 h5 16. g3 Rf7 17. h4 gxh4 18. Nxh4 Rg7 19. Bxf5 exf5 20. Nxf5 Rg5 21. e4 dxe4 22. Ne3 h4 23. Kg2 hxg3 24. Rg1 gxf2+ 25. Kxf2 Qf6+ 26. Ke2 Qf3+ 27. Kd2 Qf2+ 28. Kd1 Rxg1 29. Nc2 Rxe1+ 30. Nxe1 e3 31. Nd3 Qd2+ 32. Qxd2 exd2 33. Kxd2 Nb6 0-1

[Event "Pere Noel U1800"]
[Site "Montreal CAN"]
[Date "2012.12.29"]
[Round "4.17"]
[White "Saha, Ananda"]
[Black "Laferriere, Samuel"]
[Result "0-1"]
[WhiteElo "1617"]
[BlackElo "1619"]
[PlyCount "62"]
[GameId "2160767909411178"]
[EventDate "2012.12.26"]
[EventType "swiss"]
[EventRounds "5"]
[EventCountry "CAN"]
[SourceTitle "EXT 2022"]
[Source "ChessBase"]
[SourceDate "2021.10.06"]
[SourceVersion "1"]
[SourceVersionDate "2021.10.06"]
[SourceQuality "1"]

1. d4 Nf6 2. c4 Nc6 3. Nc3 e6 4. Bg5 Bb4 5. e3 O-O 6. a3 Bxc3+ 7. bxc3 b6 8. Qc2 Ba6 9. Bd3 h6 10. Bh4 Na5 11. Qe2 d6 12. Nf3 Rc8 13. Nd2 c5 14. Ne4 g5 15. Qf3 Kg7 16. Bg3 Nxe4 17. Qxe4 f5 18. Qxe6 Rf6 19. Qd5 Bb7 20. Qxf5 Rxf5 21. Bxf5 Rc7 22. h4 Qf6 23. e4 Re7 24. hxg5 Qxf5 25. Be5+ Rxe5 26. dxe5 Qxe4+ 27. Kd2 Nb3+ 28. Kd1 Qd3+ 29. Ke1 Nxa1 30. gxh6+ Kh7 31. Rh3 Nc2# 0-1